00000000cisi 2200000zi 4500
0019.954942
003CaOODSP
00520260410114619
006s|| p      f0    |
006m     o  h f      
007cr nna|||a||||
007sz |||||||||||
008250908c20249999quc|||||o|||||||| | eng|d
040 |aCaOODSP|beng|erda|cCaOODSP
043 |an-cn---
0861 |aTT2-15E-MP3
1102 |aCanadian Transportation Agency.|eauthor,|eissuing body.
24510|aReporting obligations under the Fighting Against Forced Labour and Child Labour in Supply Chains Act / |cCanadian Transportation Agency.
264 1|aGatineau, Québec : |bCanadian Transportation Agency, |c[2024]-
310 |aAnnual
336 |aspoken word|bspw|2rdacontent
337 |aaudio|bs|2rdamedia
337 |acomputer|bc|2rdamedia
338 |aonline resource|bcr|2rdacarrier
3621 |aBegan with: 2023/2024.
500 |aAvailable as streaming audio or as downloadable MP3 file.
500 |aIssued also in French under title: Obligations de faire rapport en vertu de la Loi sur la lutte contre le travail forcé et le travail des enfants dans les chaînes d'approvisionnement.
500 |aIssued also in PDF format.
588 |aDescription based on: 2023/2024.
588 |aLatest issue consulted: 2023/2024.
61020|aCanadian Transportation Agency |vPeriodicals.
650 0|aForced labor|zCanada|xPrevention|vPeriodicals.
650 0|aChild labor|zCanada|xPrevention|vPeriodicals.
655 7|aSound recordings|2lcgft
655 7|aPeriodicals|2lcgft
77508|tObligations de faire rapport en vertu de la Loi sur la lutte contre le travail forcé et le travail des enfants dans les chaînes d'approvisionnement ... / |w(CaOODSP)9.954941
7760#|tReporting obligations under the Fighting Against Forced Labour and Child Labour in Supply Chains Act / |w(CaOODSP)9.939205